Normal view
MARC view
- Gsovsky, Victor,
Entry Nom personal
001 - NÚMERO DE CONTROL
- campo de control: 168383
003 - IDENTIFICADOR DEL NÚMERO DE CONTROL
- campo de control: ES-BaIT
005 - FECHA Y HORA DE LA ÚLTIMA TRANSACCIÓN
- campo de control: 20260209114244.0
008 - DATOS DE LONGITUD FIJA
- campo de control de longitud fija: 260209|| aca||aabn | a|a d
040 ## - FUENTE DE LA CATALOGACIÓN
- Centro catalogador/agencia de origen: ES-BaIT
100 1# - ENCABEZAMIENTO-NOMBRE DE PERSONA
- Nombre de persona: Gsovsky, Victor,
- Fechas asociadas al nombre: 1902-1974
400 1# - TRAZADO DE VÉASE--NOMBRE DE PERSONA
- Nombre de persona: Gzovsky, Victor,
- Fechas asociadas al nombre: 1902-1974
400 1# - TRAZADO DE VÉASE--NOMBRE DE PERSONA
- Nombre de persona: Gsovsky, Viktor,
- Fechas asociadas al nombre: 1902-1974
670 ## - FUENTE DE DATOS ENCONTRADOS
- Cita de la fuente: LC/NAF, 9 febrer 2026:
- Información encontrada: (enc.: Gsovsky, Victor, 1902-1974)


